000 00306nam a22001337a 4500
003 SGT
082 _a346.540135,ARO
100 _aARORA,VIBHA
245 _aCHILD LAW
260 _aNEW DELHI
_bUNIVERSAL BOOKS
_c2014
300 _a502
650 _aLABOR, SOCIAL, EDUCATION & CULTURAL LAW
942 _2ddc
_cBK
_07
999 _c9746
_d9746